El coaching : curación, liberación, subversión : tres casos de coaching ejecutivo /

Na minha lista:
Detalhes bibliográficos
Autor principal: Herreros de las Cuevas, Carlos (autor)
Formato: Livro
Idioma:espanhol
Publicado em: Barcelona, España : Granica, 2004, c2004
Colecção:(Management)
Assuntos:
Tags: Adicionar Tag
Sem tags, seja o primeiro a adicionar uma tag!

MARC

LEADER 00000nam^a2200000^a^4500
001 000183475
005 20250521000000.0
009 20260310102041.415
020 |a 84-7577-993-X 
037 |a Acervo ITESO - Biblioteca 
041 |a ESP 
082 |a 658. 3124  |b HER 
100 |a Herreros de las Cuevas, Carlos  |e (autor) 
245 1 3 |a El coaching :  |b curación, liberación, subversión : tres casos de coaching ejecutivo /  |c C. Herreros de las Cuevas. 
264 4 |a Barcelona, España :  |b Granica,  |c 2004, c2004 
300 |a 212 p. 
336 |a texto  |b txt  |2 rdacontenido 
337 |a sin mediación  |b n  |2 rdamedio 
338 |a volumen  |b nc  |2 rdasoporte 
440 1 |a (Management) 
649 |a XX 
650 |a Formación y Capacitación Laboral 
650 |a Desarrollo de Ejecutivos 
650 |a Desarrollo Profesional 
650 |a Competitividad 
650 |a Productividad 
650 |a Liderazgo 
650 |a Cultura Organizacional 
650 |a Recursos Humanos -  |x Dirección 
650 |a Proceso Administrativo -  |x Dirección 
650 |a Ciencias Administrativas 
910 |a Fondo General 
920 |a Impresos - Libros 
930 |a Colección General 
905 |a 101 
901 |a 0500123667  |b IT1  |c ACC  |u 20250521 
902 |a https://opac.biblio.iteso.mx/vufind/Record/000183475